000 00700nam a2200205Ia 4500
001 22357
003 GE_BSU
008 181216s||||||||xx |||||||||||||| ||und||
040 _cGE_BSU
245 _aЖурнал росийского права. №3. 2018
245 _cГл. ред. Хабриева Т. Я.
250 _aИнст-т законодательства и сравнительного правоведения при правит-е РФ
260 _aМосква
260 _c2018
300 _a161 стр. 26 см.
653 _aЖурнал росийского права. №3. 2018
653 _aПериодика
653 _aპერიოდიკა
942 _cCR
999 _c55281
_d55281